ARRUPE JESUIT UNIVERSITY

CORONAVIRUS -STOP THE SPREAD - CLEAN,DISINFECT,COVER

Revelation / (Record no. 122136)

MARC details
000 -LEADER
fixed length control field 01049cam a22003014a 4500
001 - CONTROL NUMBER
control field 12685477
003 - CONTROL NUMBER IDENTIFIER
control field ARRUPE
005 - DATE AND TIME OF LATEST TRANSACTION
control field 20150501020008.0
008 - FIXED-LENGTH DATA ELEMENTS--GENERAL INFORMATION
fixed length control field 020215s2002 miu b 001 0 eng
010 ## - LIBRARY OF CONGRESS CONTROL NUMBER
LC control number 2002023958
020 ## - INTERNATIONAL STANDARD BOOK NUMBER
International Standard Book Number 0801022991 (cloth)
035 ## - SYSTEM CONTROL NUMBER
System control number (DLC) 2002023958
035 ## - SYSTEM CONTROL NUMBER
System control number (DLC)1398
040 ## - CATALOGING SOURCE
Original cataloging agency DLC
Transcribing agency DLC
Modifying agency DLC
042 ## - AUTHENTICATION CODE
Authentication code pcc
050 00 - LIBRARY OF CONGRESS CALL NUMBER
Classification number BS2825.53
Item number .O73 2002
082 00 - DEWEY DECIMAL CLASSIFICATION NUMBER
Classification number 228/.07
Edition number 21
300 ## - PHYSICAL DESCRIPTION
Dimensions 24 cm.
100 1# - MAIN ENTRY--PERSONAL NAME
Personal name Osborne, Grant R.
9 (RLIN) 15391
245 10 - TITLE STATEMENT
Title Revelation /
Statement of responsibility, etc Grant R. Osborne.
260 ## - PUBLICATION, DISTRIBUTION, ETC. (IMPRINT)
Place of publication, distribution, etc Grand Rapids, Mich. :
Name of publisher, distributor, etc Baker Academic,
Date of publication, distribution, etc c2002.
300 ## - PHYSICAL DESCRIPTION
Extent xx, 869 p. ;
440 #0 - SERIES STATEMENT/ADDED ENTRY--TITLE
Title Baker exegetical commentary on the New Testament
9 (RLIN) 1751
504 ## - BIBLIOGRAPHY, ETC. NOTE
Bibliography, etc Includes bibliographical references (p. 801-824) and indexes.
630 00 - SUBJECT ADDED ENTRY--UNIFORM TITLE
Uniform title Bible.
Name of part/section of a work Revelation
Form subdivision Commentaries.
9 (RLIN) 14994
906 ## - LOCAL DATA ELEMENT F, LDF (RLIN)
a 7
b cbc
c orignew
d 1
e ocip
f 20
g y-gencatlg
942 ## - ADDED ENTRY ELEMENTS (KOHA)
Source of classification or shelving scheme Library of Congress Classification
Koha item type Monograph ( Printed materials)
Koha issues (borrowed), all copies 1
Holdings
Withdrawn status Lost status Source of classification or shelving scheme Damaged status Not for loan Collection code Home library Current library Shelving location Date acquired Total Checkouts Full call number Barcode Date last seen Date checked out Price effective from Koha item type
    Library of Congress Classification     Main Collection ARRUPE LIBRARY ARRUPE LIBRARY Main Collection 18/02/2015 1 BS2825.53 .O73 2002 46500001007 11/01/2017 30/04/2015 18/02/2015 Monograph ( Printed materials)

 

Arrupe Library. PO Box MP320 Mt Pleasant, Harare, Zimbabwe
263 242 745411|librarian@aju.ac.zw